[Event "38th IND-chT 2018"]
[Site "Patia"]
[Date "2018.02.14"]
[Round "9"]
[White "Krishna, C R G"]
[Black "Nayak, Sajan Kumar"]
[Result "1-0"]
[WhiteElo "2416"]
[BlackElo "1719"]
[Annotator "TA"]
[PlyCount "73"]
[EventDate "2018.??.??"]
[EventType "team-tourn"]
[EventCountry "IND"]
[SourceTitle "playchess.com"]
[Source "ChessBase"]
[SourceQuality "1"]

{[%evp 15,73,43,55,44,70,62,122,126,130,106,120,106,125,102,126,110,110,104,104,95,99,100,107,92,120,126,147,164,145,103,154,178,361,377,373,378,370,372,559,465,603,599,711,702,971,897,876,825,1108,1111,1262,1267,1254,1242,1524,1521,1851,1838,2653,2394]} 1. Nf3 Nf6 2. d4 g6 3. Nc3 Bg7 4. e4 {[%cal Be2e4,Be4e5][%mdl 32]} d6 5. Be2 O-O 6. O-O Nbd7 7. e5 Ne8 8. Bf4 {B08: Pirc Defence: Classical System} Nb6 {LiveBook: 4 Games} 9. Qc1 d5 $146 ({Find the theoretical novelty and annotate with similar games:} 9... c6 10. Re1 Bf5 11. h3 Nc7 12. Bh2 Re8 13. Bf1 a5 14. Nd1 Bc8 15. c4 Nd7 16. exd6 exd6 17. Rxe8+ Nxe8 18. Qe3 Nb6 19. Bd3 Be6 20. Rc1 a4 21. Bf4 {½-½ (21) Miras Garcia,E (2524)-Banet,J (2517) ICCF email 2014}) 10. h3 {White is slightly better.} Bh8 (10... f6 $14) 11. a4 a5 12. b3 Ng7 13. Qd2 Ne6 14. Be3 f5 {[#] White must now prevent ...f4.} 15. Bh6 Bg7 16. Bxg7 Kxg7 17. Nd1 c5 18. Nc3 cxd4 19. Nb5 f4 20. Nfxd4 Ng5 21. Rad1 Bd7 22. f3 Qb8 (22... Ne6 $142) 23. e6 $16 Nxe6 $2 {[#]} (23... Bxb5 24. Bxb5 Qd6) 24. Nxe6+ $18 Bxe6 25. Qd4+ Rf6 26. Qxb6 Qe5 (26... Bf7 {keeps fighting.} 27. Qf2 e5) 27. Qf2 {White is clearly winning.} g5 28. Rfe1 Qb8 29. c4 {[%cal Bc2c4,Bc4d5,Bd5d6][%mdl 32]} Rh6 30. Bf1 {[%cal Be2f1,Bf1c4,Bc4e6][%mdl 32]} Qd8 31. cxd5 Bd7 32. Qc5 Kf8 33. d6 {[%cal Rd6e7]} e6 34. Nc7 Rc8 35. Bc4 Kf7 36. Qf5+ Kg7 37. Bxe6 {Precision: White = 68%, Black = 27%.} 1-0

[Event "38th IND-chT 2018"]
[Site "Patia"]
[Date "2018.02.14"]
[Round "9"]
[White "Sidhant, Mohapatra"]
[Black "Nitin, S.."]
[Result "1/2-1/2"]
[WhiteElo "2389"]
[BlackElo "2402"]
[Annotator "TA"]
[PlyCount "39"]
[EventDate "2018.??.??"]
[EventType "team-tourn"]
[EventCountry "IND"]
[SourceTitle "playchess.com"]
[Source "ChessBase"]
[SourceQuality "1"]

{[%evp 28,39,29,18,35,22,41,35,50,47,77,8,29,47]} 1. e4 c5 2. Nf3 d6 3. Bb5+ Nd7 4. d4 Ngf6 5. Nc3 cxd4 6. Qxd4 e5 7. Qd3 h6 8. O-O a6 9. Bxd7+ Bxd7 10. a4 Rc8 {B51: Sicilian: Moscow Variation (3 Bb5+) without 3...Bd7} 11. Nd2 Qc7 12. Rd1 Be7 13. Nf1 Be6 14. Ne3 O-O 15. Bd2 {[#] LiveBook: 11 Games} (15. a5 Rfd8 {½-½ (58) Demchenko,A (2660)-Vachier Lagrave,M (2789) Riadh 2017}) 15... Rfe8 $146 ({Find the theoretical novelty and annotate with similar games:} 15... Rfd8) 16. Be1 Bf8 17. a5 Qc6 18. f3 Nh5 19. Ned5 (19. Na4 $16) 19... Bxd5 20. Qxd5 1/2-1/2

[Event "38th IND-chT 2018"]
[Site "Patia"]
[Date "2018.02.14"]
[Round "9"]
[White "Sahoo, Utkal Ranjan"]
[Black "Das, Arghyadip"]
[Result "1-0"]
[WhiteElo "2252"]
[BlackElo "2443"]
[Annotator "TA"]
[PlyCount "107"]
[EventDate "2018.??.??"]
[EventType "team-tourn"]
[EventCountry "IND"]
[SourceTitle "playchess.com"]
[Source "ChessBase"]
[SourceQuality "1"]

{[%evp 27,107,0,0,0,1,0,0,2,6,0,0,0,0,0,0,0,0,0,31,22,25,11,55,55,62,50,75,72,62,66,65,67,64,27,27,27,75,70,79,26,57,31,191,112,172,165,185,191,363,424,364,250,320,320,276,129,92,92,170,166,9473,10902,5158,5112,4952,4956,4577,4577,4577,4577,4570,2045,29973,681,29981,29983,29983,29984,29984,29985,29985,29986]} 1. d4 d5 2. c4 e6 3. Nf3 c6 4. e3 Nf6 5. Nc3 Nbd7 6. Qc2 Bd6 7. b3 O-O 8. Be2 b6 9. O-O Bb7 10. Bb2 Qe7 11. Rfe1 Rfe8 12. Rad1 Rad8 13. Bd3 {D45: Semi-Slav: 5 e3} (13. e4 Nxe4 14. Nxe4 dxe4 15. Qxe4 Bb4 16. Rf1 Bd6 17. Ne5 f5 18. Qf3 Nxe5 19. dxe5 Bc5 20. Bc3 a5 21. Qf4 {½-½ (21) Radjabov,T (2741)-Giri,A (2762) Palma de Mallorca 2017}) 13... c5 14. cxd5 exd5 {LiveBook: 12 Games} 15. g3 {The position is equal.} a6 16. Bf1 c4 $146 ({Find the theoretical novelty and annotate with similar games:} 16... Rc8 17. Rc1 Ne4 18. dxc5 Rxc5 19. Qd3 Ne5 20. Nxe5 Bxe5 {½-½ (35) Def,P (1869)-Pott,B (1844) LSS email 2009}) 17. Nh4 b5 18. Nf5 Qf8 $1 19. Nxd6 Qxd6 20. bxc4 $1 dxc4 21. e4 $36 {[%cal Be3e4,Be4e5,Be5f6,Bf6g7][%mdl 2080] Black is under pressure.} b4 22. e5 Qc7 (22... Nxe5 $5 23. dxe5 Qc6 $15) 23. exf6 Rxe1 24. Rxe1 {Black must now prevent Ne4.} bxc3 25. Qxc3 {Hoping for fxg7.} Qc6 {[%csl Gb7][%cal Rc6h1]} 26. f3 $1 Nb6 27. fxg7 {d5 is the strong threat.} Qxf3 28. Qxf3 Bxf3 29. d5 Bxd5 30. Bd4 (30. Bf6 $5 {[%cal Rf6d8]} Rb8 31. Bd4 $16) 30... Na4 $1 31. Bf6 Rc8 32. Bh3 Rb8 33. Re5 (33. Bf5 $16) 33... Nb6 34. Bf5 {Strongly threatening Bxh7+!} Bf3 $2 ({Black should try} 34... c3 $14) 35. g4 (35. Re6 $1 $18) 35... h6 (35... Nd5 $16 36. g5 Nb4) 36. h4 $1 $18 Bc6 37. g5 $1 {[%cal Rg5h6]} hxg5 $2 (37... Nd7 {keeps fighting.}) 38. hxg5 Re8 39. Rc5 Bd5 40. Kf2 Be6 41. Bc2 (41. Bxe6 $18 {and White stays clearly on top.} Rxe6 42. a4 $1 {[%mdl 512]}) 41... Nd5 $16 42. Kf3 Nb4 (42... Rb8 $16) 43. Be4 $1 $18 Nxa2 $2 (43... Rc8 44. Rxc8+ Bxc8) 44. g6 fxg6 45. Bxg6 {Intending Rh5 and mate.} Bf7 46. Rh5 $1 {[%csl Gf6,Gg7][%cal Rh5h8]} Bxg6 47. Rh8+ Kf7 48. Rxe8 {[%mdl 4096] Endgame KRB-KBN} Bh7 {[#]} 49. Rf8+ $1 Ke6 50. Kf4 (50. Bd4 $142 Nb4 51. Rh8 Nc6 52. Bc3 Kf7 53. Rxh7 Ne7 {[#]} 54. g8=Q+ $1 {[%mdl 512]} Kxg8 55. Rxe7) 50... Nb4 51. Kg5 {White mates.} Nd5 52. Kh6 Bg8 53. Rxg8 Nxf6 54. Rf8 {Precision: White = 70%, Black = 32%.} 1-0

[Event "38th IND-chT 2018"]
[Site "Patia"]
[Date "2018.02.14"]
[Round "9"]
[White "Thanki, Hemal Karsanji"]
[Black "Adhiban, B.."]
[Result "1/2-1/2"]
[WhiteElo "2073"]
[BlackElo "2643"]
[Annotator "TA"]
[PlyCount "70"]
[EventDate "2018.??.??"]
[EventType "team-tourn"]
[EventCountry "IND"]
[SourceTitle "playchess.com"]
[Source "ChessBase"]
[SourceQuality "1"]

{[%evp 13,70,5,27,11,10,0,0,0,0,0,0,0,0,-8,14,0,0,0,0,0,0,0,21,0,0,-37,-38,-25,-50,-70,-68,-77,-39,-47,-43,-50,-34,-52,-45,-62,-37,-75,-62,-68,-76,-82,-81,-68,-68,-82,-12,-13,-9,-8,8,0,118,14,20]} 1. e4 e5 2. Nf3 Nc6 3. Bc4 Nf6 4. d3 Bc5 5. c3 O-O 6. Bb3 d6 7. h3 {C54: Giuoco Piano: 4 c3 Nf6, main lines with 5 d4 and 5 d3} Ne7 {LiveBook: 10 Games} (7... a6 8. Nbd2 Be6 9. Bc2 d5 10. Qe2 h6 11. g4 Nh7 12. Rg1 d4 13. Nb3 Be7 14. Nxe5 Nxe5 15. Nxd4 c5 16. Nf5 Kh8 {1-0 (35) Duda,J (2678)-Eljanov,P (2741) Germany 2017}) 8. Nbd2 Ng6 9. d4 exd4 $146 ({Predecessor:} 9... Bb6 10. Bc2 Nf4 11. g3 Nxh3 12. Nc4 Bg4 13. Nxb6 axb6 14. dxe5 Nd7 15. Qd3 dxe5 {0-1 (55) Simmons,M (2065)-Juarez Flores,J (2221) Mallorca 2004}) 10. cxd4 Bb6 11. O-O d5 12. exd5 Nxd5 13. Nc4 h6 14. Nxb6 axb6 15. Ne5 Nge7 16. Qf3 Be6 17. Rd1 Qc8 18. Ng4 Rd8 19. Nxh6+ gxh6 20. Bxh6 Rd6 {[#] Hoping for ...Bxh3.} 21. Qg3+ Ng6 22. Rac1 Nde7 23. d5 Nf5 24. Qc3 Bd7 ({Inferior is} 24... Nxh6 25. dxe6 Qd8 26. exf7+ (26. Qxc7 Rxd1+ 27. Bxd1 Qxc7 $14) 26... Nxf7 27. Qf3 $16) 25. Bg5 c5 26. dxc6 $1 Rxc6 27. Qd3 Be6 28. Rxc6 Qxc6 29. Bxe6 Qxe6 30. a3 Re8 31. Qd7 Nf8 (31... Ne5 $17 32. Qxe6 Rxe6) 32. Qxb7 $11 Qb3 33. Rd2 $1 Re1+ 34. Kh2 Qb5 (34... Qe6 $11 {remains equal.}) 35. Qd5 (35. Rd5 $16 Nd6 36. Rxb5 Nxb7 37. Rxb6) 35... Re5 {Precision: White = 51%, Black = 56%.} 1/2-1/2

[Event "38th IND-chT 2018"]
[Site "Patia"]
[Date "2018.02.14"]
[Round "9"]
[White "Jayakumar, P.."]
[Black "Karthikeyan, Murali"]
[Result "0-1"]
[WhiteElo "1875"]
[BlackElo "2585"]
[Annotator "TA"]
[PlyCount "54"]
[EventDate "2018.??.??"]
[EventType "team-tourn"]
[EventCountry "IND"]
[SourceTitle "playchess.com"]
[Source "ChessBase"]
[SourceQuality "1"]

{[%evp 15,54,-133,-127,-119,-126,-115,-128,-129,-83,-127,-130,-114,-114,-134,-123,-283,-273,-274,-226,-326,-320,-316,-287,-366,-367,-346,-326,-419,-410,-438,-400,-413,-401,-602,-589,-822,-794,-982,-968,-940,-923]} 1. e4 c5 2. Nf3 e6 3. c3 Nf6 4. Bd3 Nc6 5. O-O d5 6. e5 {B40: Sicilian: 2...e6, Unusual lines} Nd7 (6... c4 7. Bc2 Nd7 8. Re1 g5 9. d4 cxd3 10. Bxd3 h6 11. Bb5 Bg7 12. c4 O-O 13. Bxc6 bxc6 {0-1 (39) Pancevski,F (2485)-Kozul,Z (2630) Skopje 2015}) 7. Re1 g5 {[%cal Bg7g5,Bg5g4][%mdl 32]} 8. h3 {[#]} h5 $1 {LiveBook: 4 Games} 9. Bb5 g4 10. Nh2 gxh3 11. g3 Qb6 12. a4 $146 ({Predecessor:} 12. Na3 c4 {0-1 (40) Farago,S (2270)-Polyik,P (2255) Budapest 2017}) 12... c4 {[%cal Bc5c4,Bc4d3][%mdl 32]} 13. d4 cxd3 $1 14. Be3 Qc7 {Threatens to win with ...h4.} 15. Bd4 $2 {[#]} (15. Nf3 $17) 15... a6 $19 16. Bxd3 Ndxe5 {aiming for ...h4.} ({But not} 16... Ncxe5 17. Nf3 $17) 17. Bf1 (17. Nf3 {was worth a try.} Nxf3+ 18. Qxf3 Nxd4 19. cxd4) 17... h4 18. g4 Rg8 19. Bxh3 Bd6 20. Kh1 Ng6 21. Nf1 Nf4 22. Qf3 Nxh3 23. Qxh3 e5 24. Ne3 (24. f3 $142) 24... Be6 {Black is clearly winning.} 25. Qg2 O-O-O 26. Na3 exd4 27. cxd4 Kb8 {Precision: White = 40%, Black = 90%.} 0-1